000
00318nam a2200145Ia 4500
100
_a
Kalam/Abdul APJ
650
_a
General
942
_c
BK
654
_a
wings of fire
245
_a
Wings of fire:An autobiography
260
_b
Universities Press
_c
1999
082
_a
920
_b
KAL
300
_a
179
546
_a
ENGLISH
999
_c
34032
_d
34032